• 首页
  • 本馆介绍
  • 公告通知
  • 最新文献
  • 馆藏检索
  • 电子资源
  • 读者导购
  • 参考咨询
  • 我的图书馆
  • 登录
  • 详细信息显示
  • 放入我的书架
  • 预约/预借图书
  • 作者相关作品
  • 分类相关作品
  • 丛书相关作品
  • 出版社相关作品

书目信息

  • 表格格式
  • 工作单格式
  • 卡片格式
题名:
蓝色星球
    
 
作者: 霍尼伯内 , 布朗罗 著 ;李蕊 , 印思玫 译
分册: Ⅱ  
出版信息: 南京   江苏凤凰科学技术出版社  2023
页数: 303页
开本: 28cm
丛书名:
单 册:
中图分类: P7
科图分类:
主题词: 海洋--普及读物
电子资源:
ISBN: 978-7-5537-8822-7
000 01230nam0 2200301 450
001 012024000399
005 20240925155617.98
010    @a978-7-5537-8822-7@b精装@dCNY168.00
100    @a20240924d2023 em y0chiy50 ea
101 1  @achi@ceng
102    @aCN@b320000
105    @aa z 000yy
106    @ar
200 1  @a蓝色星球@Alan se xing qiu@hⅡ@f(英)詹姆斯·霍尼伯内(James Honeyborne),(英)马克·布朗罗(Mark Brownlow)著@g李蕊,印思玫译
210    @a南京@c江苏凤凰科学技术出版社@d2023
215    @a303页@c彩照@d28cm
300    @aBBC全新4K海洋百科
312    @a封面英文题名:Blue planet. II, a new world of hidden depths
330    @a本书为我们展示了众多海洋居民的栖息地原貌:从水下海藻森林到壮观的珊瑚礁,并独家披露镜头之后的摄制过程,是我们了解最新海洋状况的第一手资料,也是人类探索海洋的又一次伟大进步。
510 1  @aBlue planet@hII@iA new world of hidden depths@zeng
606 0  @a海洋@j普及读物
690    @aP7@v5
701  0 @c(英)@a霍尼伯内@Ahuo ni bo nei@c(Honeyborne, James)@4著
701  0 @c(英)@a布朗罗@Abu lang luo@c(Brownlow, Mark)@4著
702  0 @a李蕊@Ali rui@4译
702  0 @a印思玫@Ayin si mei@4译
801  0 @aCN@bAHXH@c20240924
905    @b214145343@b214145352@b214145361@dP7@e154:2@f3
    
    蓝色星球.Ⅱ/(英)詹姆斯·霍尼伯内(James Honeyborne),(英)马克·布朗罗(Mark Brownlow)著/李蕊,印思玫译.-南京:江苏凤凰科学技术出版社,2023
    303页:彩照;28cm
    BBC全新4K海洋百科
    
    ISBN 978-7-5537-8822-7(精装):CNY168.00
    本书为我们展示了众多海洋居民的栖息地原貌:从水下海藻森林到壮观的珊瑚礁,并独家披露镜头之后的摄制过程,是我们了解最新海洋状况的第一手资料,也是人类探索海洋的又一次伟大进步。
●
相关链接 在E读中查询图书 在五车中查询图书 在当当中查询图书 在豆瓣中查询图书


正题名:蓝色星球     索取号:P7/154:2         预约/预借

序号 登录号 条形码 馆藏地/架位号 状态 备注
1 1414534   214145343   第二样本阅览室/ [索取号:P7/154:2] 在馆    
2 1414535   214145352   第三借阅区/ [索取号:P7/154:2] 在馆    
3 1414536   214145361   第三借阅区/ [索取号:P7/154:2] 在馆    
唐山师范学院图书馆 欢迎您!
大连网信软件有限公司© 版权所有